000 00849nam a22002537a 4500
001 000443
003 DO-SdBNP
005 20180119130019.0
007 000443
008 160830b 1993 sp ||||| |||| 00| 0 spa d
020 _a8481300179
040 _aBPMSU
_bspa
_cBPMSU
100 1 _aGordimer, Nadine,
_d1923-2014.
245 1 0 _aLos compañeros de Livingstone /
_cNadine Gordimer ; traducción, Domingo Santos.
260 _aBarcelona :
_bPrimera Plana,
_c1993.
300 _a96 p. ;
_c21 cm.
490 1 _aBiblioteca de literatura universal
_v18
500 _aIncluye datos biográficos de la autor en la solapa de la contracubierta.
700 1 2 _aSantos, Domingo,
_d1941-
830 0 _aBiblioteca de literatura universal
_v18
942 _2ddc
_cBK
945 _aInventariado, 2018/MFF
956 _2LOPEREZ
_310
_620160830
_8BPMSU
_a00041
999 _c11218
_d11218